[Event "Ste Foy Botwinnik"]
[Site "Ste Foy"]
[Date "2016.10.08"]
[Round "5"]
[White "Legault Leblanc, Mathieu"]
[Black "Doyon, Stephane"]
[Result "1/2-1/2"]
[WhiteElo "1695"]
[BlackElo "1855"]
[PlyCount "77"]
[EventDate "2016.09.10"]
[EventType "swiss"]
[EventRounds "5"]
[EventCountry "CAN"]
[SourceTitle "EXT 2022"]
[Source "ChessBase"]
[SourceDate "2021.10.06"]
[SourceVersion "1"]
[SourceVersionDate "2021.10.06"]
[SourceQuality "1"]

1. Nf3 d5 2. d4 Nf6 3. e3 c6 4. c4 e6 5. Nc3 Nbd7 6. Bd3 dxc4 7. Bxc4 b5 8. Bd3 Bb7 9. 0-0 a6 10. b3 c5 11. Bb2 Be7 12. Nd2 0-0 13. Nce4 Rc8 14. Qe2 Re8 15. Rfc1 Nxe4 16. Bxe4 Bxe4 17. Nxe4 cxd4 18. Bxd4 Rxc1+ 19. Rxc1 Ba3 20. Rc2 e5 21. Bc5 Nxc5 22. Nxc5 Bxc5 23. Rxc5 Qd6 24. Qc2 Rd8 25. Rc8 g6 26. Kf1 Rxc8 27. Qxc8+ Kg7 28. Ke2 e4 29. Qc3+ f6 30. h3 Qh2 31. g3 Qxh3 32. Qc7+ Kh6 33. Qf4+ Kg7 34. Qxe4 Qd7 35. Qa8 Qg4+ 36. Ke1 Qb4+ 37. Kf1 Qc3 38. Qb7+ Kh6 39. Qh1+ 1/2-1/2